000 00534nam a2200217 a 4500
999 _c6728
_d6728
001 6728
003 BD-JhCC
005 20180129103046.0
008 180129s1974 e |||| || | 000 0 eng d
035 _a(BD-JhCC)6728
040 _aBD-JhCC
_dBD-JhCC
041 _aeng
082 _a823.912
_bFOR 1974
100 _aForster, E. M.
245 _aA Room With A View /
_cE. M. Forster,
260 _aLondon :
_bPenguin Books,
_c1974
300 _a222 p. :
_c20 cm.
650 _aTravel
_zEngland
942 _2ddc
_cBK